000 01063cam a2200301 a 4500
999 _c63
_d63
001 2140587
003 OSt
005 20210531141938.0
008 980204s1999 cau b 001 0 eng
010 _a 98004779
020 _a0534344909 (casebound)
040 _aDLC
_cDLC
_dDLC
043 _an-us---
050 0 0 _aBF637.C6
_bA94 1999
082 0 0 _a158/.3
_221
100 1 _aAxelson, John A.,
_d1929-
245 1 0 _aCounseling and development in a multicultural society /
_cJohn A. Axelson.
250 _a3 ed.
260 _aPacific Grove, Calif. :
_bBrooks/Cole Pub. Co.,
_cc1999.
300 _axvi, 522 p. ;
_c24 cm.
504 _aIncludes bibliographical references (p. 477-507) and indexes.
650 0 _aCross-cultural counseling
_zUnited States.
650 0 _aMinorities
_xCounseling of
_zUnited States.
650 0 _aCounseling
_zUnited States.
906 _a7
_bcbc
_corignew
_d1
_eocip
_f19
_gy-gencatlg
942 _2lcc
_cBK
_nJO